000 01040nam0a22002531 4500
001 rc\116743
005 20250612180823.0
035 _a(NLR Aleph) 008771868
090 _a7929023
_c7929023
100 _a20021216d1991 |||y0rusy50 ca
101 0 _arus
102 _aRU
105 _aa |||||||||
200 1 _aЛовейко Иосиф Игнатьевич, народный архитектор СССР, член коррреспондент Академии художеств СССР
_e[Альбом]
_fСоюз архитекторов СССР. Моск. орг. Упр. "Моспроект-1"
210 _aМ.
_cБ. и.
_d1991
215 _a[65] с.
_cил., цв. ил.
_d21х22
600 1 _aЛовейко
_bИ.И.
_gИосиф Игнатьевич
_f1906
_jАльбомы
_2nlr_sh1
700 1 _aЛовейко
_bИ.И.
_f1906-
_gИосиф Игнатьевич
801 0 _aRU
_bNLR
_gpsbo
801 1 _aRU
_bELAR
_2rusmarc
801 2 _aRU
_bNLR
_c20050421
_2rusmarc
852 _aNLR
_bЭ
_jАлИс410/2-Л686
942 _cBOOK
980 _aNB